header

California prehistory (Record no. 82049)

MARC details
000 -LEADER
fixed length control field 01429nam a2200361 a 4500
082 04 - DEWEY DECIMAL CLASSIFICATION NUMBER
Classification number 979.4/01
245 00 - TITLE STATEMENT
Title California prehistory
260 ## - PUBLICATION, DISTRIBUTION, ETC. (IMPRINT)
Place of publication Lanham, Md. :
Name of publisher AltaMira Press,
Year of publication c2007.
300 ## - PHYSICAL DESCRIPTION
Number of Pages xiv, 394 p. :
Other physical details ill., maps.
650 #0 - SUBJECT ADDED ENTRY--TOPICAL TERM
Topical Term Paleo-Indians
700 1# - ADDED ENTRY--PERSONAL NAME
Personal name Jones, Terry L.
Personal name Klar, Kathryn.
856 40 - ELECTRONIC LOCATION AND ACCESS
Uniform Resource Identifier http://site.ebrary.com/lib/rucke/Doc?id=10404869

No items available.

© 2026 Rongo University
Contact us: librarian | system librarian | Rongo university